000 00315nam a22001457a 4500
003 OSt
005 20160727222352.0
008 160622b xxu||||| |||| 00| 0 eng d
040 _cTest
100 _9419
_aHawkey, R
245 _aEvolution
260 _aLandon
_bGenesis
_c1986
300 _aEvolution
942 _2ddc
_cBK
999 _c342
_d342